000 00325nam a2200121Ia 4500
008 191201s2002 xx 000 0 und d
100 _aHARVARD BUSINESS REVIEW,PRESS
245 0 _aHiring and Keeping the Best People
260 _aN. Delhi
_bHarvard Business Review Press
_c2002
300 _a170
650 _aBBA
942 _2ddc
_cBK
999 _c21
_d21